Matematické modelovanie reprodukčného procesu chovu hovädzieho dobytka autoreferát dizertácie na získanie vedeckej hodnosti kandidáta ekonomických vied

Salvato in:
Dettagli Bibliografici
Autore principale: Šimková, Magdaléna
Ente Autore: Vysoká škola ekonomická v Bratislave
Natura: Libro
Lingua:slovacco
Pubblicazione: Bratislava 1984
Tags: Aggiungi Tag
Nessun Tag, puoi essere il primo ad aggiungerne!!

MARC

LEADER 00000nam a2200000 4500
001 c114711
005 20190521121650.5
041 0 |a slo 
044 |a SK 
245 1 0 |a Matematické modelovanie reprodukčného procesu chovu hovädzieho dobytka  |b autoreferát dizertácie na získanie vedeckej hodnosti kandidáta ekonomických vied  |c Magdaléna Šimková 
264 1 |a Bratislava  |c 1984 
300 |a 27 s. 
100 1 |a Šimková, Magdaléna 
710 2 |a Vysoká škola ekonomická v Bratislave